Statystyki dla Odgadnij jaki to klasyk filmowy po opisie

Kliknij tutaj aby rozwiązać quiz!

Ogólne statystyki

  • Ten quiz został rozwiązany 344 razy
  • Średni wynik to 11 z 56

Statystyki odpowiedzi

OpisOdpowiedź% Poprawnych
Wokół małej wysepki, która słynie ze swoich pięknych plaż zaczyna grasować niebezpieczny rekinSzczęki
76%
Czarnoskóry policjant z Detroit próbuje rozwikłać zagadkę śmierci swojego przyjaciela, w efekcie czego przyjeżdża do Beverly HillsGliniarz z Beverly Hills
63%
Grupa superbohaterów łączy siły, żeby obronić Ziemię przed inwazją kosmitówAvengers
58%
Warszawski taksówkarz zostaje przez przypadek wzięty za płatnego mordercęKiler
57%
Historia najsłynniejszej gangsterskiej rodziny wszech czasówOjciec chrzestny
56%
Nowojorski taksówkarz chce rozprawić się z całym "robactwem" swojego miastaTaksówkarz
48%
Ochroniarz dostaje zadanie ochrony znanej piosenkarkiBodyguard
40%
Afrykański książę przyjeżdża do Ameryki w poszukiwaniu żonyKsiążę w Nowym Jorku
39%
Historia dobrego i brzydkiego, którzy usiłują dotrzeć do ukrytego skarbu, po piętach depcze im złyDobry, zły i brzydki
37%
Czarodziej wraz z innymi czarodziejami próbuje założyć tajną gwardię wewnątrz swojej szkoły żeby bronić się przed złem, które jest coraz bliżejHarry Potter i Zakon Feniksa
36%
Grupa terrorystów opanowuje wieżowiecSzklana Pułapka / Die hard
36%
Na bezludną wyspę trafia inżynier firmy kurierskiejCast Away : Poza światem
33%
Pewien superbohater wraz z porucznikiem miejscowej policji oraz prokuratorem próbuje stawić czoła szalejącemu po mieście psychopacieMroczny Rycerz
33%
Marsjanie próbują podbić całą Ziemię, zdesperowany prezydent USA szuka pomocyMarsjanie atakują !
29%
Chcąc oderwać się od rutyny, amerykański biznesman zaczyna mordować ludziAmerican Psycho
28%
Spokój pewnego weterana wojennego, który jest też rasistą zaczyna burzyć obecność nowych sąsiadówGran Torino
28%
Detektyw od znajdywania zwierząt zaczyna badać sprawę ukradzionego delfinaAce Ventura : Psi detektyw
27%
Niziołek wraz z czarodziejem i grupą 13 innych wojowników wyrusza na niesamowitą wyprawę, która zmieni jego życieHobbit : Niezwykła podróż
26%
Były funkcjonariusz SB zaczyna pracę w policji, jednak nie wie, że jego przyjaciel zaczyna w tym czasie oferować usługi przestępcomPsy
26%
Psychofanka zaczyna terroryzować pisarzaMisery
24%
Nieśmiały student zostaje opiekunem niewidomego emerytowanego pułkownikaZapach kobiety
23%
Kapitan armii Stanów Zjednoczonych dostaje zadanie zlikwidować bardzo groźnego pułkownika, który znajduje się gdzieś w WietnamieCzas Apokalipsy
22%
Policjanci z warszawskiego wydziału zabójstw próbują aresztować groźnego ormiańskiego przestępcęPitBull
21%
Boy hotelowy jest świadkiem czterech nietypowych historii podczas sylwestrowej nocyCztery pokoje
20%
Dziennikarz próbuje rozwikłać sprawdę seryjnego mordercy, który grasuje na terenie San FranciscoZodiak
20%
Fotograf przez wypadek zostaje uwięziony na wózku, nudząc się w domu podgląda sąsiadówOkno na podwórze
19%
Po nieudanej próbie napadu, kilku przestępców szuka wśród swoich szeregów zdrajcyWściekłe Psy
19%
Grupa komandosów próbuje uratować amerykańskich polityków, jednak nie wiedzą że w południowoafrykańskiej dżungli czeka na nich coś strasznegoPredator
17%
Amerykański policant wraz z drobnym oszustem próbują schwytać groźnego bandytę, mają na to zaledwie dwie doby48 godzin
16%
Nauczyciel i poszukiwacz skarbów próbuje uratować porwanego przez nazistów ojcaIndiana Jones i ostatnia krucjata
15%
Gdy na ringu umiera trener i przyjaciel boksera, ten postanawia się zemścić i pokonać rywala na ringuRocky 4
15%
W meksykańskiej wiosce często dochodzi do napadów, żeby to zmienić mieszkańcy wynajmują zawodowych rewolwerowcówSiedmiu Wspaniałych
15%
Agent brytyjskiego wywiadu próbuje zmierzyć się z multimilionerem, który chce obrabować Fort KnoxJames Bond / Agent 007 / Goldfinger
13%
Spawacz, po tym jak odnajduje heroinę, pieniądze i wielu zabitych zostaje głównym celem psychopatycznego mordercyTo nie jest kraj dla starych ludzi
11%
Przemysłowiec, dorabia się na złożach ropy naftowejAż poleje się krew
10%
Weteran wojenny wraca do kraju, jednak tutejsze społeczeństwo nie chce go zaakceptowaćRambo: Pierwsza krew
10%
Maszyna zostaje wysłana w przeszłość, żeby chronić przyszłego przywódcę rewolucji przed inną maszynąTerminator 2: Dzień sądu
10%
Policjant, którego partnerem zostaje pies próbuje schwytać handlarza narkotykówK-9
9%
Czteroosobowy gang sieje spustoszenie na ulicach dopóki jeden z nich nie zostaje złapanyMechaniczna pomarańcza
7%
Na ulicach Paryża dochodzi do walk pomiędzy młodzieżą ze środowisk imigranckich a policjąNienawiść
7%
Amerykanin pod czujnym okiem tajlandzkiego mistrza chce stawić czoło pogromcy swojego brataKickboxer
6%
12-letni chłopak po stracie matki przyjeżdża do domu stryja, gdzie poznaje psychopatycznego kuzynaSynalek
6%
Po zamordowaniu żony architekta, on sam zaczyna wymierzać sprawiedliwość w mieścieŻyczenie śmierci / Mściciel
6%
Pewien włóczęga znajduje blisko swojego domu noworodka, którym postanawia się zaopiekowaćBrzdąc
5%
Irlandzki młodzieniec pragnie przedostać się do wyższych sfer i arystokracji, więc sięga po wszystkie możliwe środkiBarry Lyndon
4%
Nowojorczyk zakochuje się w dziewczynie swojego najlepszego przyjacielaManhattan
3%
Po wielu latach zapomnienia seryjny morderca znajduje rozwiązanie jak wyrwać się z piekłaFreddy kontra Jason / Freddy vs Jason
2%
Gdy młody nauczyciel zostaje oskarżony o herezję, jego obrońcą w sądzie zostaje kontrowersyjny prawnikKto sieje wiatr
2%
Profesor wraz z swoim uczniem próbują stawić czoła krwiopijczemu hrabiemuNieustraszeni pogromcy wampirów
2%
Czarnoskóry detektyw dostaje zadanie odnalezienia córki wpływowego biznesmanaShaft
2%
Nieudacznik, zaczyna opiekować się na kilka dni rodziną swojego brataWujaszek Buck
2%
Do niewielkiego miasteczka przybywa mężczyzna, który poszukuje japońskiego farmera, jednak trafia na ślady okrutnej zbrodniCzarny dzień w Black Rock
1%
Dwóm licealistom grozi niekończenie szkoły. Przy pomocy wehikułu czasu przenoszą się w przeszłość, żeby zbadać historię.Fantastyczne przygody Billa i Teda / Wspaniała przygoda Billa i Teda
1%
Po tym jak nasi bohaterowie odbijają przyjaciela z rąk groźnego gangstera, zaczyna się ostateczna bitwa między dobrem a złemGwiezdne Wojny: Powrót Jedi
1%
Dwóch zbiegłych więźniów zaczyna udawać księżyNie jesteśmy aniołami
1%
Chłopak marzy o zostaniu pilotem, gdy nadchodzi wojna, jego życzenie może się spełnićSkrzydła / Wings
0%

Rozkład punktacji

Percentyl według liczby udzielonych odpowiedzi

Procent ludzi z każdym wynikiem

Twoja historia wyników

Nie rozwiązałeś tego quizu